ČSN ISO 5127-1 (01 0167) dokumentace a informace

Salvato in:
Dettagli Bibliografici
Natura: Libro
Lingua:ceco
slovacco
inglese
francese
Pubblicazione: Praha Centrum služeb pro normalizaci 1992
Soggetti:
Tags: Aggiungi Tag
Nessun Tag, puoi essere il primo ad aggiungerne!!

MARC

LEADER 00000nam a2200000 4500
001 c132718
005 20240104114505.1
041 0 |a cze 
041 0 |a slo 
041 0 |a eng 
041 0 |a fre 
044 |a CZ 
245 1 0 |a ČSN ISO 5127-1 (01 0167)  |b dokumentace a informace 
264 1 |a Praha  |b Centrum služeb pro normalizaci  |c 1992 
300 |a 31 s. 
500 |a Norma obsahuje ISO 5127-1:1983 
610 2 0 |a normy ISO 
610 2 0 |a informácie 
610 2 0 |a dokumentácia 
610 2 0 |a terminológia